[Event "Quart de Poblet Sub2300 1st"]
[Site "Quart de Poblet"]
[Date "2013.07.20"]
[Round "1.12"]
[White "Pena Riasco, Alexander"]
[Black "Fernandez Juan, Marcos"]
[Result "1-0"]
[WhiteElo "2121"]
[BlackElo "1642"]
[PlyCount "77"]
[EventDate "2013.07.20"]
[EventType "swiss"]
[EventRounds "7"]
[EventCountry "ESP"]
[SourceTitle "EXT 2024"]
[Source "ChessBase"]
[SourceDate "2023.10.10"]
[SourceVersion "1"]
[SourceVersionDate "2023.10.10"]
[SourceQuality "1"]

1. e4 d6 2. d4 c6 3. Nc3 g6 4. Be3 Bg7 5. Qd2 Nf6 6. f3 Nbd7 7. g4 b5 8. g5 Nh5 9. 0-0-0 Nb6 10. Bd3 a5 11. Nce2 b4 12. Ng3 Nxg3 13. hxg3 Ba6 14. Nh3 Nc4 15. Bxc4 Bxc4 16. Kb1 Qb6 17. Nf2 a4 18. Rh2 b3 19. cxb3 Bxb3 20. axb3 axb3 21. Qc3 Ra2 22. Rd3 Qa6 23. Qxb3 Ra1+ 24. Kc2 0-0 25. Ng4 c5 26. dxc5 dxc5 27. Rd5 c4 28. Qb5 Qa2 29. e5 Qb1+ 30. Kc3 Qe1+ 31. Bd2 Qxg3 32. Rf2 f5 33. gxf6 exf6 34. Qxc4 Kh8 35. Qd4 f5 36. Nf6 Bxf6 37. exf6 Qc7+ 38. Kd3 h5 39. Qf4 1-0

[Event "Burjassot Provincial-ch Primera"]
[Site "Burjassot"]
[Date "2011.11.19"]
[Round "6.5"]
[White "Baviera Ibanez, Jorge"]
[Black "Fernandez Juan, Marcos"]
[Result "1-0"]
[WhiteElo "1779"]
[BlackElo "1605"]
[PlyCount "46"]
[EventDate "2011.10.01"]
[EventType "swiss"]
[EventRounds "7"]
[EventCountry "ESP"]
[SourceTitle "EXT 2024"]
[Source "ChessBase"]
[SourceDate "2023.10.10"]
[SourceVersion "1"]
[SourceVersionDate "2023.10.10"]
[SourceQuality "1"]

1. d4 Nf6 2. Nf3 c5 3. e3 e6 4. Bd3 b6 5. Qe2 d5 6. c3 c4 7. Bc2 Bd6 8. Nbd2 0-0 9. 0-0 Qc7 10. e4 Bf4 11. e5 Nfd7 12. g3 Bh6 13. h4 b5 14. Ng5 g6 15. Ndf3 Bg7 16. Nh2 Nc6 17. h5 b4 18. hxg6 hxg6 19. Qg4 f5 20. Qh4 Re8 21. Qh7+ Kf8 22. Qxg6 Nb6 23. Nh7+ Ke7 1-0

[Event "Burjassot Provincial-ch Primera"]
[Site "Burjassot"]
[Date "2011.10.01"]
[Round "1.5"]
[White "Fernandez Juan, Marcos"]
[Black "Navarro Gomez, Gabriel"]
[Result "1-0"]
[WhiteElo "1605"]
[BlackElo "1789"]
[PlyCount "38"]
[EventDate "2011.10.01"]
[EventType "swiss"]
[EventRounds "7"]
[EventCountry "ESP"]
[SourceTitle "EXT 2024"]
[Source "ChessBase"]
[SourceDate "2023.10.10"]
[SourceVersion "1"]
[SourceVersionDate "2023.10.10"]
[SourceQuality "1"]

1. e4 e5 2. d4 exd4 3. c3 Nc6 4. cxd4 Bb4+ 5. Nc3 Bxc3+ 6. bxc3 d5 7. e5 Nge7 8. Bd3 0-0 9. h3 Bf5 10. Nf3 Bxd3 11. Qxd3 f5 12. 0-0 h6 13. Ba3 Na5 14. Qb5 c6 15. Bxe7 cxb5 16. Bxd8 Rfxd8 17. Rfb1 a6 18. a4 Rdc8 19. axb5 axb5 1-0

[Event "Mislata-B 45th"]
[Site "Mislata"]
[Date "2011.08.17"]
[Round "4"]
[White "Pons Lopez, Joan"]
[Black "Fernandez Juan, Marcos"]
[Result "1/2-1/2"]
[WhiteElo "1612"]
[BlackElo "1619"]
[PlyCount "56"]
[EventDate "2011.08.15"]
[EventType "tourn"]
[EventRounds "9"]
[EventCountry "ESP"]
[SourceTitle "EXT 2014"]
[Source "ChessBase"]
[SourceDate "2013.11.20"]
[SourceVersion "1"]
[SourceVersionDate "2013.11.20"]
[SourceQuality "1"]

1. e4 Nf6 2. Nc3 d5 3. exd5 Nxd5 4. Bc4 Nb6 5. Bb3 Nc6 6. d3 e5 7. Nf3 Bg4 8. Be3 Nd4 9. Bxf7+ Kxf7 10. Nxe5+ Ke8 11. Nxg4 Qd7 12. Bxd4 Qxd4 13. Qe2+ Kf7 14. 0-0 Bc5 15. Qe3 Qb4 16. Qe5 Rhe8 17. Qxc7+ Re7 18. Qg3 Qxb2 19. Qf3+ Kg8 20. Nd5 Rf7 21. Ndf6+ Kh8 22. Qe4 gxf6 23. Qe6 Kg7 24. Ne3 Re7 25. Nf5+ Kf8 26. Nxe7 Bxe7 27. Rfe1 Re8 28. Qb3 Qd4 1/2-1/2

[Event "Mislata-B 45th"]
[Site "Mislata"]
[Date "2011.08.16"]
[Round "3"]
[White "Fernandez Juan, Marcos"]
[Black "Moreno Vicente, Jesus Miguel"]
[Result "0-1"]
[WhiteElo "1619"]
[BlackElo "1714"]
[PlyCount "154"]
[EventDate "2011.08.15"]
[EventType "tourn"]
[EventRounds "9"]
[EventCountry "ESP"]
[SourceTitle "EXT 2014"]
[Source "ChessBase"]
[SourceDate "2013.11.20"]
[SourceVersion "1"]
[SourceVersionDate "2013.11.20"]
[SourceQuality "1"]

1. e4 e6 2. Nf3 d5 3. e5 c5 4. b4 b6 5. bxc5 bxc5 6. Ba3 Ba6 7. Bxa6 Nxa6 8. c3 Qa5 9. 0-0 Rb8 10. d4 Nh6 11. Qc1 Be7 12. Nbd2 0-0 13. Nb3 Qc7 14. Ng5 cxd4 15. Bxe7 Qxe7 16. cxd4 Rfc8 17. Qe3 Nf5 18. Qd2 h6 19. Nf3 Qb4 20. Qd3 Nc7 21. Rfb1 Qc4 22. Qxc4 dxc4 23. Nc5 Rxb1+ 24. Rxb1 Nd5 25. Rc1 c3 26. Ne4 Rc4 27. Nd6 Nxd4 28. Nxd4 Rxd4 29. Nb5 Rd2 30. Kf1 Rxa2 31. Nxc3 Nxc3 32. Rxc3 a5 33. h4 a4 34. Rc4 g6 35. g4 Ra1+ 36. Ke2 a3 37. Ra4 Kg7 38. Kf3 a2 39. Kf4 h5 40. g5 Rh1 41. Rxa2 Rxh4+ 42. Ke3 Rg4 43. f4 Rh4 44. Kf3 Rh3+ 45. Kg2 Rb3 46. Kh2 Rb8 47. Kg3 Kf8 48. Kh3 Ke8 49. Kg3 Rb7 50. Rd2 Rd7 51. Ra2 Kd8 52. Ra8+ Kc7 53. Ra3 Kb6 54. Kf3 Kb5 55. Kf2 Kb4 56. Ra6 h4 57. Rd6 Rc7 58. Rd8 Rc2+ 59. Kf3 Rc3+ 60. Kg4 h3 61. Rh8 Kc4 62. Rxh3 Rxh3 63. Kxh3 Kd3 64. Kh4 Ke2 65. Kg3 Ke3 66. Kg4 Kf2 67. f5 exf5+ 68. Kf4 Ke2 69. e6 fxe6 70. Ke5 Ke3 71. Kf6 f4 72. Kxg6 f3 73. Kf7 e5 74. g6 f2 75. Ke6 e4 76. g7 f1Q 77. Ke7 Qg2 0-1